[Event "Grand Swiss "]
[Date "2025.09.13"]
[White "Woodward, Andy"]
[Black "Yakubboev, Nodirbek"]
[WhiteElo "2557"]
[BlackElo "2681"]
[Round "8.8.18"]
[Result "1/2-1/2"]

1. Nf3 {[%clk 01:40:50] [%emt 00:00:09]} Nf6 {[%clk 01:40:45] [%emt 00:00:16]}
2. c4 {[%clk 01:41:01] [%emt 00:00:18]} g6 {[%clk 01:40:59] [%emt 00:00:16]} 3.
d4 {[%clk 01:41:16] [%emt 00:00:16]} Bg7 {[%clk 01:41:23] [%emt 00:00:05]} 4. g3
{[%clk 01:41:25] [%emt 00:00:21]} O-O {[%clk 01:41:41] [%emt 00:00:12]} 5. Bg2
{[%clk 01:41:50] [%emt 00:00:04]} d6 {[%clk 01:41:59] [%emt 00:00:13]} 6. O-O
{[%clk 01:42:06] [%emt 00:00:14]} Nbd7 {[%clk 01:42:18] [%emt 00:00:11]} 7. Nc3
{[%clk 01:41:32] [%emt 00:01:04]} e5 {[%clk 01:42:46]} 8. e4 {[%clk 01:41:46]
[%emt 00:00:17]} exd4 {[%clk 01:42:40] [%emt 00:00:37]} 9. Nxd4 {[%clk 01:42:06]
[%emt 00:00:10]} Nc5 {[%clk 01:42:55] [%emt 00:00:15]} 10. h3 {[%clk 01:40:07]
[%emt 00:02:28]} Re8 {[%clk 01:43:12] [%emt 00:00:14]} 11. Re1 {[%clk 01:40:24]
[%emt 00:00:12]} h6 {[%clk 01:43:34] [%emt 00:00:09]} 12. b3 {[%clk 01:34:10]
[%emt 00:06:44]} a5 {[%clk 01:31:33] [%emt 00:12:31]} 13. Bb2 {[%clk 01:24:12]
[%emt 00:10:28]} a4 {[%clk 01:25:56] [%emt 00:06:08]} 14. Rc1 {[%clk 01:18:08]
[%emt 00:06:33]} axb3 {[%clk 01:21:35] [%emt 00:04:52]} 15. axb3 {[%clk
01:17:43] [%emt 00:00:54]} c6 {[%clk 01:21:31] [%emt 00:00:34]} 16. b4 {[%clk
01:12:09] [%emt 00:06:04]} Ne6 {[%clk 01:21:10] [%emt 00:00:50]} 17. Nxe6 {[%clk
01:09:14] [%emt 00:03:25]} Bxe6 {[%clk 01:21:16] [%emt 00:00:24]} 18. Ne2 {[%clk
01:09:35] [%emt 00:00:08]} Qb6 {[%clk 01:12:34] [%emt 00:09:12]} 19. Qb3 {[%clk
01:09:08] [%emt 00:00:57]} Qa6 {[%clk 01:10:24] [%emt 00:02:41]} 20. Nd4 {[%clk
00:55:40] [%emt 00:13:57]} Qa2 {[%clk 01:09:17] [%emt 00:01:35]} 21. Qc2 {[%clk
00:48:19] [%emt 00:07:54]} Nd7 {[%clk 01:08:42] [%emt 00:01:05]} 22. Re2 {[%clk
00:45:11] [%emt 00:03:38]} Ra4 {[%clk 00:45:07] [%emt 00:24:04]} 23. Qd1 {[%clk
00:37:16] [%emt 00:08:25]} Bxc4 {[%clk 00:44:58] [%emt 00:00:40]} 24. Rd2 {[%clk
00:28:05] [%emt 00:09:40]} Rea8 {[%clk 00:43:22] [%emt 00:02:07]} 25. Kh2 {[%clk
00:24:32] [%emt 00:04:03]} h5 {[%clk 00:36:20] [%emt 00:07:32]} 26. Rcc2 {[%clk
00:20:21] [%emt 00:04:41]} Bf8 {[%clk 00:19:02] [%emt 00:17:49]} 27. Bc1 {[%clk
00:19:32] [%emt 00:01:18]} Bb3 {[%clk 00:18:35] [%emt 00:00:57]} 28. Rxa2 {[%clk
00:19:52] [%emt 00:00:11]} Bxd1 {[%clk 00:19:04] [%emt 00:00:01]} 29. Rab2
{[%clk 00:20:14] [%emt 00:00:08]} Bg4 {[%clk 00:18:48] [%emt 00:00:45]} 30. hxg4
{[%clk 00:20:32] [%emt 00:00:12]} hxg4 {[%clk 00:19:17] [%emt 00:00:01]} 31. Rd1
{[%clk 00:14:06] [%emt 00:06:56]} Bg7 {[%clk 00:17:49] [%emt 00:01:59]} 32. Rbd2
{[%clk 00:11:04] [%emt 00:03:31]} Bh6 {[%clk 00:15:24] [%emt 00:02:55]} 33. Rb2
{[%clk 00:10:13] [%emt 00:01:21]} Bg7 {[%clk 00:15:53] [%emt 00:00:01]} 34. Rb1
{[%clk 00:10:02] [%emt 00:00:40]} Ra2 {[%clk 00:15:44] [%emt 00:00:39]} 35. Kg1
{[%clk 00:08:21] [%emt 00:02:11]} Bxd4 {[%clk 00:11:17] [%emt 00:04:57]} 36.
Rxd4 {[%clk 00:08:50] [%emt 00:00:02]} Ra1 {[%clk 00:11:42] [%emt 00:00:05]} 37.
Rxa1 {[%clk 00:09:13] [%emt 00:00:07]} Rxa1 {[%clk 00:12:11] [%emt 00:00:01]}
38. Rd1 {[%clk 00:09:36] [%emt 00:00:07]} Ne5 {[%clk 00:12:32] [%emt 00:00:09]}
39. Rf1 {[%clk 00:09:06] [%emt 00:01:00]} Rb1 {[%clk 00:10:38] [%emt 00:02:24]}
40. Bf4 {[%clk 00:04:32] [%emt 00:05:03]} Rxb4 {[%clk 00:11:02] [%emt 00:00:06]}
41. Rd1 {[%clk 00:04:36] [%emt 00:00:25]} Nf3+ {[%clk 00:11:17] [%emt 00:00:16]}
42. Bxf3 {[%clk 00:02:36] [%emt 00:02:31]} gxf3 {[%clk 00:11:45] [%emt
00:00:02]} 43. Rxd6 {[%clk 00:47:36] [%emt 00:05:29]} Rxe4 {[%clk 01:02:13]
[%emt 00:00:02]} 44. Bg5 {[%clk 00:45:22] [%emt 00:02:44]} Re6 {[%clk 00:56:37]
[%emt 00:06:06]} 45. Rd8+ {[%clk 00:43:30] [%emt 00:02:23]} Kg7 {[%clk 00:55:59]
[%emt 00:01:08]} 46. Be3 {[%clk 00:43:29] [%emt 00:00:31]} Kf6 {[%clk 00:50:39]
[%emt 00:05:51]} 47. Rd7 {[%clk 00:42:00] [%emt 00:01:59]} b5 {[%clk 00:50:51]
[%emt 00:00:19]} 48. Kh2 {[%clk 00:38:30] [%emt 00:04:00]} Re4 {[%clk 00:48:12]
[%emt 00:03:09]} 49. Rd6+ {[%clk 00:36:09] [%emt 00:02:51]} Re6 {[%clk 00:48:41]
[%emt 00:00:01]} 50. Rd4 {[%clk 00:35:54] [%emt 00:00:44]} Ke5 {[%clk 00:41:18]
[%emt 00:07:53]} 51. Rd7 {[%clk 00:33:32] [%emt 00:02:51]} f5 {[%clk 00:40:15]
[%emt 00:01:34]} 52. Kh3 {[%clk 00:33:07] [%emt 00:00:55]} Re8 {[%clk 00:34:15]
[%emt 00:06:31]} 53. Kh4 {[%clk 00:32:55] [%emt 00:00:42]} Ke6 {[%clk 00:34:31]
[%emt 00:00:13]} 54. Rd3 {[%clk 00:31:31] [%emt 00:01:53]} Kf6 {[%clk 00:33:07]
[%emt 00:01:55]} 55. Rd6+ {[%clk 00:23:09] [%emt 00:08:52]} Re6 {[%clk 00:33:31]
[%emt 00:00:06]} 56. Bg5+ {[%clk 00:22:59] [%emt 00:00:40]} Ke5 {[%clk 00:31:52]
[%emt 00:02:08]} 57. Bf4+ {[%clk 00:21:55] [%emt 00:01:35]} Kf6 {[%clk 00:28:54]
[%emt 00:03:28]} 58. Bg5+ {[%clk 00:16:57] [%emt 00:05:29]} Ke5 {[%clk 00:29:23]
[%emt 00:00:01]} 59. Bf4+ {[%clk 00:08:57] [%emt 00:08:30]} Kf6 {[%clk 00:29:44]
[%emt 00:00:09]} 60. Bg5+ {[%clk 00:06:53] [%emt 00:02:33]} 1/2-1/2

[Site "Europe Echecs"]

[Event "Grand Swiss "]
[Date "2025.09.13"]
[White "Tabatabaei, M. Amin"]
[Black "Shirov, Alexei"]
[WhiteElo "2673"]
[BlackElo "2616"]
[Round "8.8.19"]
[Result "1/2-1/2"]

1. e4 {[%clk 01:40:58] [%emt 00:00:01]} e5 {[%clk 01:40:40] [%emt 00:00:20]} 2.
Nf3 {[%clk 01:41:22] [%emt 00:00:07]} Nc6 {[%clk 01:41:06] [%emt 00:00:04]} 3.
Bb5 {[%clk 01:41:46] [%emt 00:00:06]} Nf6 {[%clk 01:40:58] [%emt 00:00:38]} 4.
O-O {[%clk 01:32:54] [%emt 00:09:22]} Nxe4 {[%clk 01:40:38] [%emt 00:00:49]} 5.
Re1 {[%clk 01:32:40] [%emt 00:00:44]} Nd6 {[%clk 01:40:32] [%emt 00:00:36]} 6.
a4 {[%clk 01:33:07] [%emt 00:00:04]} Be7 {[%clk 01:31:51] [%emt 00:09:10]} 7.
Nc3 {[%clk 01:33:07] [%emt 00:00:31]} a6 {[%clk 01:32:16] [%emt 00:00:05]} 8.
Bf1 {[%clk 01:33:24] [%emt 00:00:12]} e4 {[%clk 01:32:37] [%emt 00:00:09]} 9.
Nxe4 {[%clk 01:33:48] [%emt 00:00:06]} Nxe4 {[%clk 01:33:03] [%emt 00:00:04]}
10. Rxe4 {[%clk 01:34:11] [%emt 00:00:06]} d5 {[%clk 01:33:30] [%emt 00:00:03]}
11. Re1 {[%clk 01:34:32] [%emt 00:00:09]} d4 {[%clk 01:25:04] [%emt 00:08:57]}
12. c3 {[%clk 01:32:33] [%emt 00:02:29]} O-O {[%clk 01:19:54] [%emt 00:05:39]}
13. d3 {[%clk 01:32:19] [%emt 00:00:44]} Bf6 {[%clk 01:19:37] [%emt 00:00:47]}
14. Bd2 {[%clk 01:02:28] [%emt 00:30:21]} Bg4 {[%clk 01:06:03] [%emt 00:14:04]}
15. h3 {[%clk 00:57:33] [%emt 00:05:26]} Bxf3 {[%clk 01:06:19] [%emt 00:00:14]}
16. Qxf3 {[%clk 00:57:57] [%emt 00:00:05]} Bg5 {[%clk 01:06:42] [%emt 00:00:07]}
17. Rad1 {[%clk 00:54:35] [%emt 00:03:53]} Bxd2 {[%clk 01:04:44] [%emt
00:02:29]} 18. Rxd2 {[%clk 00:54:58] [%emt 00:00:07]} Qg5 {[%clk 01:04:43] [%emt
00:00:31]} 19. Rde2 {[%clk 00:53:53] [%emt 00:01:35]} Qa5 {[%clk 01:03:15] [%emt
00:01:58]} 20. c4 {[%clk 00:54:15] [%emt 00:00:08]} Qxa4 {[%clk 01:03:01] [%emt
00:00:43]} 21. g4 {[%clk 00:54:03] [%emt 00:00:43]} Qb4 {[%clk 01:00:07] [%emt
00:03:23]} 22. g5 {[%clk 00:45:30] [%emt 00:09:05]} Qd6 {[%clk 00:44:24] [%emt
00:16:12]} 23. Bg2 {[%clk 00:42:36] [%emt 00:03:25]} a5 {[%clk 00:39:43] [%emt
00:05:10]} 24. h4 {[%clk 00:40:08] [%emt 00:02:59]} a4 {[%clk 00:39:54] [%emt
00:00:19]} 25. Qg4 {[%clk 00:32:19] [%emt 00:08:19]} a3 {[%clk 00:21:00] [%emt
00:19:24]} 26. bxa3 {[%clk 00:32:38] [%emt 00:00:11]} Rxa3 {[%clk 00:21:25]
[%emt 00:00:04]} 27. h5 {[%clk 00:32:43] [%emt 00:00:26]} Nb4 {[%clk 00:15:31]
[%emt 00:06:24]} 28. c5 {[%clk 00:22:12] [%emt 00:11:01]} Qxc5 {[%clk 00:14:11]
[%emt 00:01:50]} 29. g6 {[%clk 00:22:34] [%emt 00:00:09]} fxg6 {[%clk 00:11:43]
[%emt 00:02:57]} 30. hxg6 {[%clk 00:17:20] [%emt 00:05:43]} Nxd3 {[%clk
00:09:37] [%emt 00:02:35]} 31. Re7 {[%clk 00:08:20] [%emt 00:09:32]} Kh8 {[%clk
00:09:29] [%emt 00:00:37]} 32. Rxg7 {[%clk 00:00:45] [%emt 00:08:06]} Kxg7
{[%clk 00:06:57] [%emt 00:03:01]} 33. Qd7+ {[%clk 00:01:12] [%emt 00:00:04]} Kf6
{[%clk 00:03:16] [%emt 00:04:10]} 34. Qe6+ {[%clk 00:01:42] [%emt 00:00:01]} Kg7
{[%clk 00:02:34] [%emt 00:01:12]} 35. Qd7+ {[%clk 00:02:10] [%emt 00:00:02]} Kf6
{[%clk 00:01:25] [%emt 00:01:39]} 36. Qe6+ {[%clk 00:00:33] [%emt 00:02:07]}
1/2-1/2

[Site "Europe Echecs"]

[Event "Grand Swiss "]
[Date "2025.09.13"]
[White "Vitiugov, Nikita"]
[Black "Maurizzi, MarcAndria"]
[WhiteElo "2666"]
[BlackElo "2610"]
[Round "8.8.20"]
[Result "0-1"]

1. d4 {[%clk 01:40:31] [%emt 00:00:27]} d5 {[%clk 01:40:23] [%emt 00:00:38]} 2.
c4 {[%clk 01:40:51] [%emt 00:00:10]} e6 {[%clk 01:40:50] [%emt 00:00:04]} 3. Nf3
{[%clk 01:40:16] [%emt 00:01:05]} Nf6 {[%clk 01:41:16] [%emt 00:00:04]} 4. g3
{[%clk 01:40:12] [%emt 00:00:34]} c5 {[%clk 01:39:54] [%emt 00:01:52]} 5. Bg2
{[%clk 01:39:32] [%emt 00:01:09]} cxd4 {[%clk 01:39:46] [%emt 00:00:39]} 6. O-O
{[%clk 01:39:19] [%emt 00:00:43]} Bc5 {[%clk 01:39:56] [%emt 00:00:20]} 7. Nxd4
{[%clk 01:37:54] [%emt 00:01:56]} O-O {[%clk 01:39:40] [%emt 00:00:47]} 8. cxd5
{[%clk 01:36:46] [%emt 00:01:38]} Nxd5 {[%clk 01:39:30] [%emt 00:00:39]} 9. Nc3
{[%clk 01:36:43] [%emt 00:00:33]} Nxc3 {[%clk 01:39:35] [%emt 00:00:25]} 10.
bxc3 {[%clk 01:37:06] [%emt 00:00:07]} e5 {[%clk 01:40:01] [%emt 00:00:04]} 11.
Nb3 {[%clk 01:29:11] [%emt 00:08:25]} Bd6 {[%clk 01:39:37] [%emt 00:00:53]} 12.
Qd3 {[%clk 01:25:58] [%emt 00:03:43]} Qc7 {[%clk 01:39:12] [%emt 00:00:55]} 13.
Rd1 {[%clk 01:22:29] [%emt 00:03:59]} Be7 {[%clk 01:37:17] [%emt 00:02:26]} 14.
c4 {[%clk 01:21:36] [%emt 00:01:23]} Nc6 {[%clk 01:16:42] [%emt 00:21:05]} 15.
Bb2 {[%clk 01:15:46] [%emt 00:06:19]} Be6 {[%clk 01:11:34] [%emt 00:05:37]} 16.
Bd5 {[%clk 01:11:39] [%emt 00:04:38]} Rad8 {[%clk 01:11:19] [%emt 00:00:44]} 17.
Qe3 {[%clk 01:05:56] [%emt 00:06:14]} Qc8 {[%clk 01:08:37] [%emt 00:03:12]} 18.
Rac1 {[%clk 01:05:07] [%emt 00:01:19]} f6 {[%clk 01:01:27] [%emt 00:07:40]} 19.
Rd2 {[%clk 00:57:15] [%emt 00:08:22]} Rde8 {[%clk 00:51:09] [%emt 00:10:47]} 20.
Rcd1 {[%clk 00:45:27] [%emt 00:12:17]} Rf7 {[%clk 00:49:47] [%emt 00:01:52]} 21.
Nc5 {[%clk 00:34:54] [%emt 00:11:04]} Bxc5 {[%clk 00:49:25] [%emt 00:00:52]} 22.
Qxc5 {[%clk 00:35:19] [%emt 00:00:06]} Rc7 {[%clk 00:41:13] [%emt 00:08:41]} 23.
Qa3 {[%clk 00:34:42] [%emt 00:01:07]} b6 {[%clk 00:31:54] [%emt 00:09:50]} 24.
Bc3 {[%clk 00:29:30] [%emt 00:05:42]} Ne7 {[%clk 00:31:08] [%emt 00:01:15]} 25.
Bb4 {[%clk 00:26:27] [%emt 00:03:33]} Nxd5 {[%clk 00:30:31] [%emt 00:01:08]} 26.
cxd5 {[%clk 00:26:52] [%emt 00:00:05]} Bd7 {[%clk 00:30:58] [%emt 00:00:03]} 27.
Bd6 {[%clk 00:23:03] [%emt 00:04:19]} Rc2 {[%clk 00:30:43] [%emt 00:00:45]} 28.
Kf1 {[%clk 00:19:29] [%emt 00:04:04]} Bb5 {[%clk 00:26:35] [%emt 00:04:37]} 29.
Qb3 {[%clk 00:15:38] [%emt 00:04:21]} Rxd2 {[%clk 00:23:20] [%emt 00:03:45]} 30.
Rxd2 {[%clk 00:16:06] [%emt 00:00:02]} Bc4 {[%clk 00:21:11] [%emt 00:02:39]} 31.
Qc2 {[%clk 00:12:10] [%emt 00:04:27]} Rd8 {[%clk 00:17:49] [%emt 00:03:52]} 32.
Be7 {[%clk 00:08:41] [%emt 00:03:59]} Rxd5 {[%clk 00:13:46] [%emt 00:04:33]} 33.
Rxd5 {[%clk 00:09:06] [%emt 00:00:05]} Qh3+ {[%clk 00:14:12] [%emt 00:00:04]}
34. Ke1 {[%clk 00:08:07] [%emt 00:01:28]} Bxd5 {[%clk 00:14:36] [%emt 00:00:06]}
35. Qc7 {[%clk 00:07:35] [%emt 00:01:03]} Qxh2 {[%clk 00:08:12] [%emt 00:06:54]}
36. Qb8+ {[%clk 00:05:46] [%emt 00:02:19]} Kf7 {[%clk 00:08:03] [%emt 00:00:38]}
37. Qxa7 {[%clk 00:06:11] [%emt 00:00:06]} Qh1+ {[%clk 00:06:24] [%emt
00:02:07]} 38. Kd2 {[%clk 00:06:39] [%emt 00:00:04]} Qb1 {[%clk 00:05:31] [%emt
00:01:23]} 39. Bc5+ {[%clk 00:01:03] [%emt 00:06:06]} Kg6 {[%clk 00:05:43] [%emt
00:00:17]} 40. Qxb6 {[%clk 00:00:32] [%emt 00:01:03]} Qxa2+ {[%clk 00:05:41]
[%emt 00:00:31]} 41. Kd3 {[%clk 00:49:14] [%emt 00:01:47]} e4+ {[%clk 00:44:18]
[%emt 00:11:52]} 42. Kc3 {[%clk 00:45:23] [%emt 00:04:22]} Qxe2 {[%clk 00:44:29]
[%emt 00:00:19]} 43. Be3 {[%clk 00:44:55] [%emt 00:00:58]} Qc4+ {[%clk 00:42:02]
[%emt 00:02:57]} 44. Kb2 {[%clk 00:44:49] [%emt 00:00:36]} Kf5 {[%clk 00:41:44]
[%emt 00:00:47]} 45. Qd4 {[%clk 00:36:23] [%emt 00:08:57]} Qxd4+ {[%clk
00:35:33] [%emt 00:06:41]} 46. Bxd4 {[%clk 00:36:43] [%emt 00:00:10]} h5 {[%clk
00:34:04] [%emt 00:01:58]} 47. Kc3 {[%clk 00:35:48] [%emt 00:01:25]} Kg4 {[%clk
00:31:19] [%emt 00:03:15]} 48. Kd2 {[%clk 00:35:34] [%emt 00:00:44]} Kf3 {[%clk
00:31:42] [%emt 00:00:06]} 49. Ke1 {[%clk 00:32:21] [%emt 00:03:44]} Bc4 {[%clk
00:31:53] [%emt 00:00:19]} 50. Kd2 {[%clk 00:27:37] [%emt 00:05:14]} f5 {[%clk
00:31:07] [%emt 00:01:18]} 51. Be3 {[%clk 00:21:31] [%emt 00:06:36]} f4 {[%clk
00:29:12] [%emt 00:02:25]} 52. Bxf4 {[%clk 00:21:40] [%emt 00:00:21]} h4 {[%clk
00:28:54] [%emt 00:00:48]} 0-1

[Site "Europe Echecs"]

[Event "Grand Swiss "]
[Date "2025.09.13"]
[White "Gumularz, Szymon"]
[Black "Saric, Ivan"]
[WhiteElo "2590"]
[BlackElo "2655"]
[Round "8.8.21"]
[Result "0-1"]

1. d4 {[%clk 01:40:56] [%emt 00:00:03]} Nf6 {[%clk 01:40:51] [%emt 00:00:09]} 2.
c4 {[%clk 01:41:19] [%emt 00:00:07]} c6 {[%clk 01:41:11] [%emt 00:00:10]} 3. Nc3
{[%clk 01:40:25] [%emt 00:01:23]} d5 {[%clk 01:41:36] [%emt 00:00:05]} 4. cxd5
{[%clk 01:39:59] [%emt 00:00:57]} cxd5 {[%clk 01:42:01] [%emt 00:00:05]} 5. Bf4
{[%clk 01:40:22] [%emt 00:00:06]} Nc6 {[%clk 01:42:28] [%emt 00:00:04]} 6. e3
{[%clk 01:40:43] [%emt 00:00:08]} Bf5 {[%clk 01:42:35] [%emt 00:00:23]} 7. Qb3
{[%clk 01:40:33] [%emt 00:00:40]} Na5 {[%clk 01:42:54] [%emt 00:00:11]} 8. Qa4+
{[%clk 01:40:54] [%emt 00:00:09]} Bd7 {[%clk 01:43:18] [%emt 00:00:06]} 9. Qc2
{[%clk 01:41:22] [%emt 00:00:02]} e6 {[%clk 01:43:20] [%emt 00:00:28]} 10. Nf3
{[%clk 01:39:11] [%emt 00:02:40]} Rc8 {[%clk 01:42:22] [%emt 00:01:29]} 11. a3
{[%clk 01:20:53] [%emt 00:18:49]} Qb6 {[%clk 01:30:55] [%emt 00:11:56]} 12. Bd3
{[%clk 01:07:15] [%emt 00:14:07]} Qb3 {[%clk 01:30:05] [%emt 00:01:21]} 13. Qd2
{[%clk 01:06:54] [%emt 00:00:52]} Nc4 {[%clk 01:23:27] [%emt 00:07:07]} 14. Bxc4
{[%clk 01:07:11] [%emt 00:00:13]} Qxc4 {[%clk 01:23:34] [%emt 00:00:23]} 15. Ne5
{[%clk 01:07:24] [%emt 00:00:16]} Qa6 {[%clk 01:24:00] [%emt 00:00:05]} 16. f3
{[%clk 01:07:12] [%emt 00:00:42]} Be7 {[%clk 01:17:13] [%emt 00:07:18]} 17. g4
{[%clk 00:56:08] [%emt 00:11:33]} Bc6 {[%clk 01:14:11] [%emt 00:03:32]} 18. Qe2
{[%clk 00:56:29] [%emt 00:00:09]} Nd7 {[%clk 01:11:25] [%emt 00:03:16]} 19. Qxa6
{[%clk 00:45:33] [%emt 00:11:26]} bxa6 {[%clk 01:09:52] [%emt 00:02:03]} 20.
Nxc6 {[%clk 00:41:18] [%emt 00:04:45]} Rxc6 {[%clk 01:09:38] [%emt 00:00:44]}
21. Kd2 {[%clk 00:41:17] [%emt 00:00:31]} Nb6 {[%clk 01:07:17] [%emt 00:02:51]}
22. b3 {[%clk 00:41:27] [%emt 00:00:19]} Kd7 {[%clk 01:07:39] [%emt 00:00:08]}
23. Rhc1 {[%clk 00:41:02] [%emt 00:00:55]} Rhc8 {[%clk 00:57:39] [%emt
00:10:31]} 24. Kd3 {[%clk 00:40:40] [%emt 00:00:51]} Na8 {[%clk 00:47:14] [%emt
00:10:56]} 25. e4 {[%clk 00:31:41] [%emt 00:09:29]} Nc7 {[%clk 00:43:20] [%emt
00:04:24]} 26. a4 {[%clk 00:30:32] [%emt 00:01:39]} g5 {[%clk 00:40:07] [%emt
00:03:42]} 27. Bg3 {[%clk 00:28:41] [%emt 00:02:21]} a5 {[%clk 00:30:38] [%emt
00:09:59]} 28. Bxc7 {[%clk 00:25:40] [%emt 00:03:30]} R6xc7 {[%clk 00:27:13]
[%emt 00:03:56]} 29. Ne2 {[%clk 00:25:22] [%emt 00:00:48]} Rxc1 {[%clk 00:27:36]
[%emt 00:00:08]} 30. Rxc1 {[%clk 00:25:25] [%emt 00:00:27]} Rb8 {[%clk 00:27:58]
[%emt 00:00:07]} 31. Rb1 {[%clk 00:25:31] [%emt 00:00:24]} dxe4+ {[%clk
00:18:59] [%emt 00:09:29]} 32. fxe4 {[%clk 00:23:38] [%emt 00:02:23]} f6 {[%clk
00:19:26] [%emt 00:00:03]} 33. h3 {[%clk 00:10:31] [%emt 00:13:37]} Bd6 {[%clk
00:16:35] [%emt 00:03:22]} 34. Kc2 {[%clk 00:09:47] [%emt 00:01:14]} Rc8+ {[%clk
00:14:41] [%emt 00:02:24]} 35. Kd3 {[%clk 00:10:10] [%emt 00:00:06]} Rb8 {[%clk
00:14:34] [%emt 00:00:37]} 36. Kc2 {[%clk 00:10:37] [%emt 00:00:03]} h5 {[%clk
00:14:30] [%emt 00:00:34]} 37. Rf1 {[%clk 00:10:32] [%emt 00:00:35]} Ke7 {[%clk
00:14:38] [%emt 00:00:22]} 38. gxh5 {[%clk 00:10:36] [%emt 00:00:25]} Rh8 {[%clk
00:15:01] [%emt 00:00:07]} 39. Kd3 {[%clk 00:10:42] [%emt 00:00:25]} Rxh5 {[%clk
00:15:25] [%emt 00:00:06]} 40. Rf3 {[%clk 00:11:10] [%emt 00:00:02]} Rh4 {[%clk
00:12:05] [%emt 00:03:50]} 41. Nc3 {[%clk 00:08:29] [%emt 00:03:12]} a6 {[%clk
00:10:15] [%emt 00:02:20]} 42. Nd1 {[%clk 00:07:44] [%emt 00:01:14]} Rh8 {[%clk
00:08:29] [%emt 00:02:16]} 43. Ne3 {[%clk 00:06:15] [%emt 00:01:59]} Rd8 {[%clk
00:07:40] [%emt 00:01:19]} 44. Kc4 {[%clk 00:42:36] [%emt 00:14:10]} Bf4 {[%clk
00:49:12] [%emt 00:08:57]} 45. Nc2 {[%clk 00:31:07] [%emt 00:12:00]} e5 {[%clk
00:47:17] [%emt 00:02:26]} 46. Rf1 {[%clk 00:27:41] [%emt 00:03:56]} Rh8 {[%clk
00:42:54] [%emt 00:04:53]} 47. b4 {[%clk 00:22:22] [%emt 00:05:49]} Rc8+ {[%clk
00:39:21] [%emt 00:04:03]} 48. Kd3 {[%clk 00:21:38] [%emt 00:01:14]} exd4 {[%clk
00:39:19] [%emt 00:00:32]} 49. Nxd4 {[%clk 00:19:49] [%emt 00:02:19]} axb4
{[%clk 00:39:34] [%emt 00:00:15]} 50. Nf5+ {[%clk 00:20:13] [%emt 00:00:06]} Ke6
{[%clk 00:39:05] [%emt 00:00:59]} 51. Nd4+ {[%clk 00:19:50] [%emt 00:00:52]} Ke5
{[%clk 00:34:33] [%emt 00:05:02]} 52. Nf3+ {[%clk 00:19:19] [%emt 00:01:01]} Kd6
{[%clk 00:34:53] [%emt 00:00:10]} 53. h4 {[%clk 00:19:17] [%emt 00:00:31]} Rc3+
{[%clk 00:34:33] [%emt 00:00:51]} 54. Kd4 {[%clk 00:19:41] [%emt 00:00:06]} Be5+
{[%clk 00:34:55] [%emt 00:00:08]} 55. Nxe5 {[%clk 00:20:08] [%emt 00:00:03]}
fxe5# {[%clk 00:35:21] [%emt 00:00:04]} 0-1

[Site "Europe Echecs"]

[Event "Grand Swiss "]
[Date "2025.09.13"]
[White "Fedoseev, Vladimir"]
[Black "Henriquez Villagra, Cristobal"]
[WhiteElo "2731"]
[BlackElo "2594"]
[Round "8.8.22"]
[Result "1-0"]

1. d4 {[%clk 01:40:47] [%emt 00:00:12]} Nf6 {[%clk 01:40:53] [%emt 00:00:07]} 2.
Nf3 {[%clk 01:39:04] [%emt 00:02:12]} d5 {[%clk 01:41:11] [%emt 00:00:13]} 3. g3
{[%clk 01:38:23] [%emt 00:01:12]} c6 {[%clk 01:38:21] [%emt 00:03:20]} 4. Nbd2
{[%clk 01:36:04] [%emt 00:02:49]} h6 {[%clk 01:35:16] [%emt 00:03:35]} 5. c4
{[%clk 01:31:12] [%emt 00:05:22]} Bf5 {[%clk 01:24:41] [%emt 00:11:05]} 6. Qb3
{[%clk 01:28:21] [%emt 00:03:21]} Qb6 {[%clk 01:23:13] [%emt 00:01:58]} 7. Qc3
{[%clk 01:26:20] [%emt 00:02:32]} Nbd7 {[%clk 01:19:19] [%emt 00:04:24]} 8. Bg2
{[%clk 01:23:39] [%emt 00:03:10]} a5 {[%clk 01:14:00] [%emt 00:05:49]} 9. Ne5
{[%clk 01:19:27] [%emt 00:04:41]} e6 {[%clk 01:10:08] [%emt 00:04:23]} 10. Nxd7
{[%clk 01:17:44] [%emt 00:02:13]} Nxd7 {[%clk 01:10:31] [%emt 00:00:06]} 11. a3
{[%clk 01:16:56] [%emt 00:01:19]} Be7 {[%clk 01:07:37] [%emt 00:03:24]} 12. c5
{[%clk 01:12:11] [%emt 00:05:16]} Qa6 {[%clk 01:06:13] [%emt 00:01:54]} 13. e4
{[%clk 01:10:45] [%emt 00:01:56]} dxe4 {[%clk 01:06:37] [%emt 00:00:06]} 14.
Nxe4 {[%clk 01:11:09] [%emt 00:00:05]} O-O {[%clk 01:01:11] [%emt 00:05:56]} 15.
Bf4 {[%clk 01:09:45] [%emt 00:01:55]} a4 {[%clk 00:58:34] [%emt 00:03:07]} 16.
O-O-O {[%clk 01:02:06] [%emt 00:08:09]} Bxe4 {[%clk 00:53:57] [%emt 00:05:08]}
17. Bxe4 {[%clk 01:02:30] [%emt 00:00:05]} Nf6 {[%clk 00:54:23] [%emt 00:00:03]}
18. Bd3 {[%clk 00:59:29] [%emt 00:03:31]} b5 {[%clk 00:52:26] [%emt 00:02:28]}
19. Kb1 {[%clk 00:53:23] [%emt 00:06:35]} Qb7 {[%clk 00:48:52] [%emt 00:04:04]}
20. Bc2 {[%clk 00:48:02] [%emt 00:05:51]} Nd5 {[%clk 00:43:02] [%emt 00:06:20]}
21. Qd3 {[%clk 00:48:01] [%emt 00:00:30]} g6 {[%clk 00:42:44] [%emt 00:00:49]}
22. Bxh6 {[%clk 00:44:20] [%emt 00:04:11]} Rfb8 {[%clk 00:40:18] [%emt
00:02:56]} 23. Kc1 {[%clk 00:39:34] [%emt 00:05:15]} b4 {[%clk 00:40:29] [%emt
00:00:19]} 24. Kd2 {[%clk 00:39:52] [%emt 00:00:12]} Bf6 {[%clk 00:39:06] [%emt
00:01:54]} 25. Ke2 {[%clk 00:38:13] [%emt 00:02:09]} e5 {[%clk 00:38:18] [%emt
00:01:19]} 26. Kf3 {[%clk 00:33:02] [%emt 00:05:41]} Re8 {[%clk 00:34:27] [%emt
00:04:20]} 27. dxe5 {[%clk 00:30:09] [%emt 00:03:23]} Bxe5 {[%clk 00:33:32]
[%emt 00:01:25]} 28. h4 {[%clk 00:27:59] [%emt 00:02:40]} Qe7 {[%clk 00:30:07]
[%emt 00:03:55]} 29. h5 {[%clk 00:25:51] [%emt 00:02:38]} Qf6+ {[%clk 00:25:30]
[%emt 00:05:07]} 30. Kg2 {[%clk 00:25:28] [%emt 00:00:53]} Bxb2 {[%clk 00:25:48]
[%emt 00:00:13]} 31. hxg6 {[%clk 00:25:30] [%emt 00:00:27]} fxg6 {[%clk
00:26:13] [%emt 00:00:04]} 32. axb4 {[%clk 00:25:25] [%emt 00:00:36]} Rad8
{[%clk 00:18:26] [%emt 00:08:17]} 33. Bxa4 {[%clk 00:22:22] [%emt 00:03:33]} 1-0

[Site "Europe Echecs"]